[Event "Portoroz op 14th"]
[Site "Portoroz"]
[Date "2023.07.19"]
[Round "6"]
[White "Papler, Peter"]
[Black "Povse, Martin"]
[Result "0-1"]
[WhiteElo "1727"]
[BlackElo "1979"]
[PlyCount "82"]
[EventDate "2023.07.15"]
[EventType "swiss"]
[EventRounds "9"]
[EventCountry "SLO"]
[SourceTitle "CBM 215 Extra"]
[Source "ChessBase"]
[SourceDate "2023.09.30"]
[SourceVersion "1"]
[SourceVersionDate "2023.09.30"]
[SourceQuality "1"]

1. d4 d5 2. Nf3 e6 3. e3 Bd6 4. Nbd2 f5 5. Be2 Nd7 6. 0-0 Qe7 7. c4 c6 8. Re1 Ngf6 9. h3 0-0 10. b3 Ne4 11. Qc2 Qf6 12. Nf1 g5 13. N3d2 Qh6 14. Nxe4 fxe4 15. a4 Qh4 16. Bg4 Nf6 17. g3 Qh6 18. Kg2 Nxg4 19. hxg4 e5 20. Nh2 exd4 21. exd4 Qf6 22. Be3 Bd7 23. c5 Bc7 24. Qd2 h6 25. a5 a6 26. b4 Rf7 27. Qe2 Raf8 28. Qd2 Qd8 29. Qd1 Qc8 30. Ra2 Kg7 31. Kg1 Kg6 32. Rf1 Qb8 33. Kg2 Qc8 34. Rh1 Rh8 35. Ra1 h5 36. Qd2 Qd8 37. gxh5+ Rxh5 38. g4 Rxh2+ 39. Rxh2 Bxh2 40. Kxh2 Qh8+ 41. Kg2 Bxg4 0-1

[Event "Portoroz op 14th"]
[Site "Portoroz"]
[Date "2023.07.16"]
[Round "3"]
[White "Povse, Martin"]
[Black "Pozzi, Paolo"]
[Result "1/2-1/2"]
[WhiteElo "1979"]
[BlackElo "1741"]
[PlyCount "134"]
[EventDate "2023.07.15"]
[EventType "swiss"]
[EventRounds "9"]
[EventCountry "SLO"]
[SourceTitle "CBM 215 Extra"]
[Source "ChessBase"]
[SourceDate "2023.09.30"]
[SourceVersion "1"]
[SourceVersionDate "2023.09.30"]
[SourceQuality "1"]

1. e4 e5 2. Nf3 Nc6 3. Bc4 Nf6 4. d3 Be7 5. 0-0 0-0 6. a3 d6 7. h3 Na5 8. Ba2 c5 9. c3 Nc6 10. Re1 Be6 11. d4 Bxa2 12. Rxa2 cxd4 13. cxd4 exd4 14. Nxd4 Nxd4 15. Qxd4 d5 16. e5 Ne4 17. Be3 Bc5 18. Qd3 Bxe3 19. Qxe3 Qg5 20. Qxg5 Nxg5 21. b3 Rac8 22. Rd2 Rfd8 23. f3 Ne6 24. g3 b5 25. b4 Rc4 26. Kf2 d4 27. Rd3 Rdc8 28. f4 g6 29. Red1 a5 30. Nd2 axb4 31. axb4 Rxb4 32. Ne4 Rc2+ 33. Kf3 Rcc4 34. g4 Ra4 35. f5 Nc7 36. Nf6+ Kg7 37. Ke4 Na6 38. Nd7 Rc7 39. e6 fxe6 40. fxe6 Nc5+ 41. Nxc5 Rxc5 42. Rf1 Rc7 43. Rxd4 Raa7 44. Ke5 Rab7 45. Rb1 Kf8 46. Kf6 Ke8 47. Rbd1 Rb8 48. Rd7 Rcb7 49. Rxb7 Rxb7 50. Ra1 Rb8 51. Ra7 Kf8 52. Rxh7 Kg8 53. Rd7 Kf8 54. Kxg6 b4 55. Kf6 b3 56. Rd1 b2 57. Rb1 Rb7 58. h4 Rf7+ 59. Ke5 Rb7 60. Kd6 Ke8 61. h5 Rb6+ 62. Kc5 Rb8 63. Kc4 Ke7 64. Kc3 Rg8 65. Rxb2 Rxg4 66. h6 Kxe6 67. Rh2 Rg8 1/2-1/2

[Event "SLO-chT2 Ost"]
[Site "Slovenia"]
[Date "2021.09.25"]
[Round "4.5"]
[White "Lavrencic, Matic"]
[Black "Povse, Martin"]
[Result "1-0"]
[WhiteElo "2149"]
[BlackElo "1979"]
[PlyCount "109"]
[EventDate "2021.09.11"]
[EventType "team-tourn"]
[EventRounds "9"]
[EventCountry "SLO"]
[SourceTitle "EXT 2024"]
[Source "ChessBase"]
[SourceDate "2023.10.10"]
[SourceVersion "1"]
[SourceVersionDate "2023.10.10"]
[SourceQuality "1"]
[WhiteTeam "Maribor Poligram III"]
[BlackTeam "Milan Majcen Sevnica"]
[WhiteTeamCountry "SLO"]
[BlackTeamCountry "SLO"]

1. e4 e6 2. d4 d5 3. Nc3 Bb4 4. e5 c5 5. Bd2 a6 6. a3 Bxc3 7. Bxc3 c4 8. f4 Nc6 9. Nf3 Nge7 10. Be2 Nf5 11. Qd2 Bd7 12. 0-0 0-0 13. Kh1 b5 14. Bb4 Nxb4 15. axb4 Qb6 16. Bd1 Ra7 17. Ra5 Ne7 18. c3 Nc6 19. Ra1 a5 20. Bc2 Rfa8 21. bxa5 Rxa5 22. Rxa5 Qxa5 23. Nh4 b4 24. f5 b3 25. Bb1 exf5 26. Bxf5 Qd8 27. Qf4 Be8 28. h3 Ra6 29. Nf3 Ne7 30. Ng5 h6 31. Nf3 Nxf5 32. Qxf5 Bd7 33. Qf4 Be6 34. g4 g5 35. Qd2 Kh7 36. Nh2 Qa8 37. Kg2 Qg8 38. Rf6 Bc8 39. Rxa6 Bxa6 40. Qf2 Qg6 41. Qf5 Qxf5 42. gxf5 Bc8 43. f6 Kg6 44. Ng4 Be6 45. Ne3 Kh5 46. Kg3 Kg6 47. h4 gxh4+ 48. Kxh4 h5 49. Ng2 Kh6 50. Nf4 Kh7 51. Nxe6 fxe6 52. Kxh5 Kh8 53. Kh6 Kg8 54. Kg6 Kh8 55. Kf7 1-0

[Event "Wch Seniors 50 28th"]
[Site "Bled"]
[Date "2018.11.28"]
[Round "10"]
[White "Povse, Martin"]
[Black "Findlay, Ian T"]
[Result "0-1"]
[WhiteElo "2014"]
[BlackElo "2255"]
[PlyCount "60"]
[EventDate "2018.11.18"]
[EventType "swiss"]
[EventRounds "11"]
[EventCountry "SLO"]
[SourceTitle "CBM 187 Extra"]
[Source "ChessBase"]
[SourceDate "2018.11.04"]
[SourceVersion "1"]
[SourceVersionDate "2018.11.04"]
[SourceQuality "1"]

1. c4 Nf6 2. Nc3 c5 3. g3 d5 4. cxd5 Nxd5 5. Bg2 Nc7 6. b3 e5 7. Nf3 Nc6 8. Bb2 Be7 9. Rc1 f6 10. 0-0 0-0 11. d3 Bg4 12. Nd2 Qd7 13. Nde4 Rad8 14. f3 Be6 15. Na4 b6 16. Kh1 f5 17. Nf2 Nd5 18. Qd2 f4 19. Ne4 Ne3 20. Rg1 Nd4 21. Nac3 Bh3 22. Bxh3 Qxh3 23. Nf2 Qh6 24. g4 Rd6 25. Nce4 Rg6 26. Ba1 Qh4 27. h3 h5 28. Kh2 hxg4 29. Nxg4 Rf5 30. Qe1 Qxh3+ 0-1

[Event "Wch Seniors 50 28th"]
[Site "Bled"]
[Date "2018.11.19"]
[Round "2"]
[White "Povse, Martin"]
[Black "Galvan Sarmiento, Jose Luis"]
[Result "0-1"]
[WhiteElo "2014"]
[BlackElo "1868"]
[PlyCount "72"]
[EventDate "2018.11.18"]
[EventType "swiss"]
[EventRounds "11"]
[EventCountry "SLO"]
[SourceTitle "CBM 187 Extra"]
[Source "ChessBase"]
[SourceDate "2018.11.04"]
[SourceVersion "1"]
[SourceVersionDate "2018.11.04"]
[SourceQuality "1"]

1. e4 c5 2. Nf3 e6 3. Nc3 a6 4. a3 Nc6 5. d4 cxd4 6. Nxd4 Qc7 7. Be3 Nf6 8. Be2 Be7 9. f4 d6 10. Qd3 Nxd4 11. Qxd4 b5 12. Bf3 Bb7 13. g4 Nd7 14. g5 f6 15. 0-0 Rc8 16. Rad1 Qc4 17. Bg4 Qxd4 18. Rxd4 Kf7 19. h4 Rc7 20. Rf2 Rhc8 21. h5 g6 22. Rh2 f5 23. hxg6+ hxg6 24. Rh7+ Ke8 25. exf5 exf5 26. Kf2 Nf8 27. Rxe7+ Kxe7 28. Bf3 Bxf3 29. Kxf3 Rxc3 30. bxc3 Rxc3 31. a4 Ne6 32. Rb4 d5 33. Ke2 Rxc2+ 34. Kd3 Rc4 35. Bd2 Nc5+ 36. Ke2 Nxa4 0-1

[Event "Wch Seniors 50 28th"]
[Site "Bled"]
[Date "2018.11.18"]
[Round "1"]
[White "Kalegin, Evgenij"]
[Black "Povse, Martin"]
[Result "1-0"]
[WhiteElo "2413"]
[BlackElo "2014"]
[PlyCount "49"]
[EventDate "2018.11.18"]
[EventType "swiss"]
[EventRounds "11"]
[EventCountry "SLO"]
[SourceTitle "CBM 187 Extra"]
[Source "ChessBase"]
[SourceDate "2018.11.04"]
[SourceVersion "1"]
[SourceVersionDate "2018.11.04"]
[SourceQuality "1"]

1. e4 e6 2. d4 d5 3. Nc3 Nf6 4. e5 Nfd7 5. f4 c5 6. Nf3 Nc6 7. Be3 cxd4 8. Nxd4 Qb6 9. Qd2 Nxd4 10. Bxd4 Qc6 11. 0-0-0 a6 12. f5 b5 13. fxe6 fxe6 14. Bd3 Bc5 15. Ne2 Ra7 16. Rhf1 Nb6 17. Qg5 Re7 18. Bxh7 Kd7 19. Bg6 Bxd4 20. Nxd4 Qc4 21. Kb1 Qc5 22. Bf7 Kc7 23. Nb3 Qb4 24. Rd4 Nc4 25. c3 1-0

[Event "SLO-ch 28th"]
[Site "Ljubljana"]
[Date "2018.04.29"]
[Round "4"]
[White "Povse, Martin"]
[Black "Skrbec, Leon"]
[Result "1-0"]
[WhiteElo "2051"]
[BlackElo "1699"]
[PlyCount "139"]
[EventDate "2018.04.27"]
[EventType "swiss"]
[EventRounds "9"]
[EventCountry "SLO"]
[SourceTitle "CBM 184 Extra"]
[Source "ChessBase"]
[SourceDate "2018.06.28"]
[SourceVersion "1"]
[SourceVersionDate "2018.06.28"]
[SourceQuality "1"]

1. e4 c5 2. Nf3 d6 3. d4 cxd4 4. Nxd4 Nf6 5. Nc3 a6 6. Be2 e5 7. Nb3 Be7 8. 0-0 0-0 9. Be3 Be6 10. f4 exf4 11. Bxf4 Nc6 12. Kh1 d5 13. exd5 Nxd5 14. Nxd5 Qxd5 15. Bf3 Qxd1 16. Rfxd1 Rfd8 17. Bc7 Re8 18. c3 Rac8 19. Bb6 g5 20. h3 Kg7 21. Rd2 Bxb3 22. axb3 Bd8 23. Bxc6 bxc6 24. Bxd8 Rexd8 25. Rxd8 Rxd8 26. Rxa6 c5 27. Ra5 Rb8 28. Rxc5 Rxb3 29. Rxg5+ Kf6 30. Rh5 Kg6 31. Rd5 Rxb2 32. Kh2 Rc2 33. Rc5 Kf6 34. Kg3 Ke6 35. Kf3 h5 36. g3 f6 37. h4 Kd6 38. Rc8 Ke5 39. Rc5+ Kd6 40. Rc8 Ke5 41. Re8+ Kd6 42. Re3 Ra2 43. Kf4 Ra5 44. Re4 Rc5 45. c4 Kd7 46. Ke3 Kd6 47. Kd4 Ra5 48. Re3 Ra4 49. Rb3 Ke6 50. Rf3 Ra5 51. Re3+ Kd6 52. Re8 Kd7 53. Rf8 Ke7 54. Rh8 Kd6 55. c5+ Ke6 56. Re8+ Kd7 57. Re3 Ra1 58. c6+ Kxc6 59. Re6+ Kd7 60. Rxf6 Ke7 61. Rf5 Ra3 62. Rg5 Kf6 63. Ke4 Rc3 64. Kf4 Rc4+ 65. Kf3 Rc3+ 66. Kg2 Rc2+ 67. Kh3 Rf2 68. Rxh5 Kg6 69. Ra5 Rf6 70. h5+ 1-0

[Event "SLO-ch 28th"]
[Site "Ljubljana"]
[Date "2018.04.28"]
[Round "3"]
[White "Spalir, Jernej"]
[Black "Povse, Martin"]
[Result "1-0"]
[WhiteElo "2363"]
[BlackElo "2051"]
[PlyCount "45"]
[EventDate "2018.04.27"]
[EventType "swiss"]
[EventRounds "9"]
[EventCountry "SLO"]
[SourceTitle "CBM 184 Extra"]
[Source "ChessBase"]
[SourceDate "2018.06.28"]
[SourceVersion "1"]
[SourceVersionDate "2018.06.28"]
[SourceQuality "1"]

1. d4 d5 2. Nf3 e6 3. c4 c6 4. g3 Bd6 5. Bg2 Nd7 6. b3 f5 7. 0-0 Qe7 8. Bb2 Qf6 9. Ba3 Bb8 10. Qd2 h6 11. Nc3 g5 12. Rac1 Ne7 13. e3 0-0 14. Ne1 g4 15. f3 gxf3 16. Nxf3 Rd8 17. cxd5 cxd5 18. Nh4 Nb6 19. e4 Nc6 20. exf5 exf5 21. Bc5 Be6 22. Nxf5 Bxf5 23. Bh3 1-0

[Event "Nova Gorica op 23rd"]
[Site "Nova Gorica"]
[Date "2018.01.31"]
[Round "8"]
[White "Drazic, Sinisa"]
[Black "Povse, Martin"]
[Result "1-0"]
[WhiteElo "2441"]
[BlackElo "2027"]
[PlyCount "79"]
[EventDate "2018.01.26"]
[EventType "swiss"]
[EventRounds "9"]
[EventCountry "SLO"]
[SourceTitle "CBM 182 Extra"]
[Source "ChessBase"]
[SourceDate "2018.02.23"]
[SourceVersion "1"]
[SourceVersionDate "2018.02.23"]
[SourceQuality "1"]

1. d4 d5 2. Nf3 e6 3. Bf4 Bd6 4. Bg3 Nf6 5. e3 Ne4 6. Nbd2 0-0 7. c4 b6 8. Bd3 Bb7 9. Rc1 Nd7 10. Qc2 f5 11. cxd5 exd5 12. Bxd6 Nxd6 13. b4 c6 14. 0-0 Qe7 15. a4 Rf6 16. a5 Raf8 17. axb6 axb6 18. Ra1 Rh6 19. Ra7 g5 20. g3 Kh8 21. Re1 Re6 22. Qb1 h6 23. Kf1 Qe8 24. Kg1 Qb8 25. Qa1 Rfe8 26. Nb3 f4 27. exf4 Rxe1+ 28. Nxe1 gxf4 29. Ng2 fxg3 30. hxg3 Nc8 31. Ra2 Qd6 32. b5 Nf6 33. Nf4 Rg8 34. Ng6+ Kg7 35. Nh4 Ne7 36. Ra7 Qb8 37. bxc6 Nxc6 38. Nf5+ Kf8 39. Qa3+ Ke8 40. Rxb7 1-0

[Event "Nova Gorica op 23rd"]
[Site "Nova Gorica"]
[Date "2018.01.28"]
[Round "4"]
[White "Subramanian, Aditya"]
[Black "Povse, Martin"]
[Result "1-0"]
[WhiteElo "2133"]
[BlackElo "2027"]
[PlyCount "81"]
[EventDate "2018.01.26"]
[EventType "swiss"]
[EventRounds "9"]
[EventCountry "SLO"]
[SourceTitle "CBM 182 Extra"]
[Source "ChessBase"]
[SourceDate "2018.02.23"]
[SourceVersion "1"]
[SourceVersionDate "2018.02.23"]
[SourceQuality "1"]

1. Nf3 d5 2. e3 g6 3. c4 c6 4. Nc3 Nf6 5. d4 Bg7 6. Bd2 0-0 7. Be2 e6 8. 0-0 Ne4 9. Be1 Nd7 10. Rc1 f5 11. b4 Ndf6 12. b5 Bd7 13. Qb3 Nd6 14. cxd5 cxd5 15. Na4 Nf7 16. Bb4 Re8 17. Nc5 Bc8 18. a4 Nd7 19. Rc2 Bf8 20. Rfc1 Nxc5 21. dxc5 a6 22. c6 Bxb4 23. Qxb4 a5 24. Qb2 Qd6 25. Qf6 Re7 26. Nd4 b6 27. Bf3 Raa7 28. h4 Rac7 29. h5 Ne5 30. Be2 Rf7 31. Qh4 Rg7 32. f4 Ng4 33. Bxg4 fxg4 34. h6 Rgf7 35. Qg5 Qe7 36. Qxe7 Rfxe7 37. Rd2 e5 38. Ne2 Bf5 39. Rxd5 exf4 40. Rd8+ Kf7 41. Nxf4 1-0

[Event "SLO-chT1 East"]
[Site "Slovenia"]
[Date "2017.11.25"]
[Round "8"]
[White "Brinovec, Dusan"]
[Black "Povse, Martin"]
[Result "1/2-1/2"]
[WhiteElo "2217"]
[BlackElo "1983"]
[PlyCount "80"]
[EventDate "2017.09.29"]
[EventType "team-tourn"]
[EventRounds "9"]
[EventCountry "SLO"]
[SourceTitle "EXT 2019"]
[Source "ChessBase"]
[SourceDate "2018.10.10"]
[SourceVersion "1"]
[SourceVersionDate "2018.10.10"]
[SourceQuality "1"]
[WhiteTeam "Zalec"]
[BlackTeam "Milan Majcen Sevnica"]
[WhiteTeamCountry "SLO"]
[BlackTeamCountry "SLO"]

1. d4 d5 2. Nf3 e6 3. e3 Nd7 4. c4 c6 5. Nc3 f5 6. Rb1 Ngf6 7. b4 Ne4 8. Qb3 Bd6 9. b5 0-0 10. Ba3 Qa5 11. Bxd6 Nxd6 12. Nd2 Ne4 13. Ndxe4 fxe4 14. cxd5 cxd5 15. Be2 Nf6 16. 0-0 Bd7 17. Rfc1 Rfc8 18. Rc2 Qd8 19. Rbc1 Kf7 20. h3 b6 21. a4 Qe7 22. f3 Qd6 23. f4 Rg8 24. Na2 Rac8 25. Qb4 Qb8 26. Qe1 Rxc2 27. Rxc2 Rc8 28. Qc1 Rxc2 29. Qxc2 h6 30. Nb4 Qd6 31. Qc3 Ke7 32. Kf2 Kd8 33. Na6 Bc8 34. Qb4 Qxb4 35. Nxb4 Bd7 36. g4 Ng8 37. h4 Kc7 38. g5 Ne7 39. Bg4 Kd6 40. Kg3 Be8 1/2-1/2

[Event "SLO-chT1 East"]
[Site "Slovenia"]
[Date "2017.09.30"]
[Round "2"]
[White "Velickovic, Zoran"]
[Black "Povse, Martin"]
[Result "1-0"]
[WhiteElo "2388"]
[BlackElo "1983"]
[PlyCount "97"]
[EventDate "2017.09.29"]
[EventType "team-tourn"]
[EventRounds "9"]
[EventCountry "SLO"]
[SourceTitle "EXT 2019"]
[Source "ChessBase"]
[SourceDate "2018.10.10"]
[SourceVersion "1"]
[SourceVersionDate "2018.10.10"]
[SourceQuality "1"]
[WhiteTeam "Maribor Branik"]
[BlackTeam "Milan Majcen Sevnica"]
[WhiteTeamCountry "SLO"]
[BlackTeamCountry "SLO"]

1. Nf3 g6 2. c4 c5 3. g3 Bg7 4. Bg2 Nc6 5. 0-0 d6 6. Nc3 e6 7. e3 e5 8. d4 Nge7 9. dxc5 dxc5 10. Qxd8+ Nxd8 11. Ne4 0-0 12. Nxc5 b6 13. Nd2 Rb8 14. Na4 Ne6 15. b3 Rd8 16. Ba3 Rxd2 17. Bxe7 Rd7 18. Bb4 e4 19. Bc3 Bb7 20. Bxg7 Kxg7 21. Rfd1 Rbd8 22. Nc3 Nc5 23. Rxd7 Rxd7 24. Rd1 Rxd1+ 25. Nxd1 Kf6 26. Nc3 Ke5 27. Kf1 a6 28. Ke2 f5 29. Kd2 Bc6 30. Bf1 a5 31. Ne2 g5 32. Kc3 b5 33. a3 bxc4 34. Nd4 Bd5 35. Bxc4 Bb7 36. b4 axb4+ 37. Kxb4 Nd3+ 38. Bxd3 exd3 39. Kc3 Ba6 40. Nb3 Kd5 41. Nd2 g4 42. a4 h6 43. a5 Bb5 44. Nb3 Ba6 45. Kd2 Bc4 46. Nd4 Ke4 47. Nc6 Bb5 48. Nb4 Kf3 49. Ke1 1-0

[Event "SLO-chT1 East"]
[Site "Slovenia"]
[Date "2015.11.27"]
[Round "7"]
[White "Povse, Martin"]
[Black "Pesec, Franc"]
[Result "1-0"]
[WhiteElo "2041"]
[BlackElo "2127"]
[PlyCount "113"]
[EventDate "2015.10.16"]
[EventType "team-tourn"]
[EventRounds "9"]
[EventCountry "SLO"]
[SourceTitle "EXT 2019"]
[Source "ChessBase"]
[SourceDate "2018.10.10"]
[SourceVersion "1"]
[SourceVersionDate "2018.10.10"]
[SourceQuality "1"]
[WhiteTeam "Milan Majcen Sevnica"]
[BlackTeam "Celje"]
[WhiteTeamCountry "SLO"]
[BlackTeamCountry "SLO"]

1. e4 e5 2. Nf3 Nc6 3. Bb5 a6 4. Ba4 Nf6 5. d3 b5 6. Bb3 Be7 7. 0-0 0-0 8. Re1 d6 9. c3 Na5 10. Bc2 c5 11. Nbd2 Qc7 12. Nf1 Rb8 13. Bg5 b4 14. Ne3 bxc3 15. bxc3 Be6 16. d4 Nc4 17. d5 Nxe3 18. Rxe3 Bd7 19. c4 Rb4 20. Rc3 Rfb8 21. Bd2 Bg4 22. h3 Bh5 23. Qe2 Bg6 24. Rb3 R4b7 25. Ne1 a5 26. Rab1 Bd8 27. f4 exf4 28. Bxf4 Rxb3 29. axb3 Nd7 30. Ra1 Bf6 31. Ra2 Bc3 32. Bd2 Bb4 33. Nf3 Re8 34. Bf4 h6 35. Nh4 Bxe4 36. Bxe4 Nf6 37. Nf5 Rxe4 38. Qf3 Re1+ 39. Kh2 Ne4 40. Re2 Ng5 41. Qe3 Rxe2 42. Qxe2 Qd8 43. Nxd6 Nh7 44. Nf5 Nf8 45. Ne7+ Kh7 46. Qe4+ g6 47. Nc6 Qf6 48. Qe5 Qxe5 49. Bxe5 Nd7 50. Bc7 f5 51. Nxa5 Kg7 52. Nc6 Be1 53. Ne5 Nf6 54. Nd3 Bc3 55. Bd6 Ne4 56. Bxc5 f4 57. Bb6 1-0

[Event "SLO-chT1 East"]
[Site "Slovenia"]
[Date "2015.11.06"]
[Round "4"]
[White "Zelcic, Robert"]
[Black "Povse, Martin"]
[Result "1-0"]
[WhiteElo "2518"]
[BlackElo "2041"]
[PlyCount "87"]
[EventDate "2015.10.16"]
[EventType "team-tourn"]
[EventRounds "9"]
[EventCountry "SLO"]
[SourceTitle "EXT 2019"]
[Source "ChessBase"]
[SourceDate "2018.10.10"]
[SourceVersion "1"]
[SourceVersionDate "2018.10.10"]
[SourceQuality "1"]
[WhiteTeam "Sentjur"]
[BlackTeam "Milan Majcen Sevnica"]
[WhiteTeamCountry "SLO"]
[BlackTeamCountry "SLO"]

1. e4 e6 2. d4 d5 3. Nc3 Nf6 4. e5 Nfd7 5. f4 a6 6. Nf3 c5 7. Be3 Nc6 8. Qd2 b5 9. a3 Qb6 10. Nd1 cxd4 11. Nxd4 Nxd4 12. Bxd4 Bc5 13. Bxc5 Qxc5 14. Bd3 Bb7 15. Nf2 0-0 16. Qe2 Rae8 17. 0-0 Qd4 18. Qd2 g6 19. Kh1 f6 20. c3 Qb6 21. exf6 Nxf6 22. Rae1 d4 23. Nh3 dxc3 24. Qxc3 Qc6 25. Qxc6 Bxc6 26. Kg1 Bd5 27. Ng5 Nd7 28. Ne4 Rc8 29. g3 Nc5 30. Nxc5 Rxc5 31. Rc1 Rfc8 32. Rxc5 Rxc5 33. Kf2 Kf7 34. Ke3 Ke7 35. h4 Bc4 36. Rc1 Kd6 37. b4 Rc7 38. Bxc4 bxc4 39. Kd4 Rd7 40. Rxc4 Ke7+ 41. Ke4 Kf6 42. Rc6 Ra7 43. g4 a5 44. b5 1-0

[Event "SLO-chT1 East"]
[Site "Slovenia"]
[Date "2015.10.17"]
[Round "2"]
[White "Povse, Martin"]
[Black "Drnovsek, Nejc"]
[Result "1-0"]
[WhiteElo "2041"]
[BlackElo "2121"]
[PlyCount "119"]
[EventDate "2015.10.16"]
[EventType "team-tourn"]
[EventRounds "9"]
[EventCountry "SLO"]
[SourceTitle "EXT 2019"]
[Source "ChessBase"]
[SourceDate "2018.10.10"]
[SourceVersion "1"]
[SourceVersionDate "2018.10.10"]
[SourceQuality "1"]
[WhiteTeam "Milan Majcen Sevnica"]
[BlackTeam "Maribor ZSK II"]
[WhiteTeamCountry "SLO"]
[BlackTeamCountry "SLO"]

1. c4 c6 2. d4 d5 3. Nc3 Nf6 4. e3 e6 5. a3 Nbd7 6. Nf3 Bd6 7. Bd3 0-0 8. 0-0 Qe7 9. Re1 dxc4 10. Bxc4 e5 11. e4 exd4 12. e5 Nxe5 13. Nxe5 Bxe5 14. Bf4 Ng4 15. Bxe5 dxc3 16. Bd6 Qh4 17. Qf3 Be6 18. Re4 cxb2 19. Rb1 Qg5 20. Bxe6 Qc1+ 21. Re1 Ne5 22. Bxe5 fxe6 23. Qxf8+ Kxf8 24. Rexc1 bxc1Q+ 25. Rxc1 Rd8 26. f4 Rd3 27. Rc3 Rd5 28. Rg3 g6 29. h4 Kf7 30. h5 Rb5 31. Kh2 a5 32. Kh3 Rb1 33. hxg6+ hxg6 34. Kg4 c5 35. Rc3 b6 36. Rd3 Ke7 37. Kg5 c4 38. Bf6+ Kf7 39. Rd7+ Ke8 40. Re7+ Kd8 41. Rxe6+ Kd7 42. Re3 b5 43. Kxg6 b4 44. axb4 axb4 45. Kf5 Rc1 46. Ke4 Ke6 47. Be5 Rc2 48. f5+ Kf7 49. Kf3 c3 50. g4 Rc1 51. g5 Rf1+ 52. Kg4 c2 53. g6+ Kf8 54. Bb2 c1Q 55. Bxc1 Rxc1 56. Kg5 Rc5 57. Re6 Rb5 58. Kf6 Rb8 59. g7+ Kg8 60. Kg6 1-0

[Event "SLO-chT1 East"]
[Site "Celje"]
[Date "2014.10.17"]
[Round "6"]
[White "Povse, Martin"]
[Black "Horvath, Tamas"]
[Result "0-1"]
[WhiteElo "2081"]
[BlackElo "2386"]
[PlyCount "96"]
[EventDate "2014.10.09"]
[EventType "team-tourn"]
[EventRounds "9"]
[EventCountry "SLO"]
[SourceTitle "EXT 2019"]
[Source "ChessBase"]
[SourceDate "2018.10.10"]
[SourceVersion "1"]
[SourceVersionDate "2018.10.10"]
[SourceQuality "1"]
[WhiteTeam "Milan Majcen Sevnica"]
[BlackTeam "Rokada Lendava"]
[WhiteTeamCountry "SLO"]
[BlackTeamCountry "SLO"]

1. e4 c5 2. Nc3 a6 3. a4 Nc6 4. g3 g6 5. Bg2 Bg7 6. Nge2 Rb8 7. d3 d6 8. 0-0 Nf6 9. h3 Nd7 10. Nd5 e6 11. Ne3 0-0 12. c3 b5 13. axb5 axb5 14. f4 Bb7 15. g4 Ne7 16. f5 exf5 17. gxf5 Nf6 18. Ng4 Kh8 19. Bh6 Neg8 20. Be3 Re8 21. Qd2 d5 22. Nxf6 Bxf6 23. fxg6 fxg6 24. Rxf6 Nxf6 25. e5 Rxe5 26. d4 Ne4 27. Qc1 Re8 28. dxc5 Kg8 29. b4 Ra8 30. Rxa8 Bxa8 31. Nd4 Qd7 32. Bf4 Bc6 33. Qc2 Qc8 34. Qd3 Qd7 35. Qc2 Ra8 36. Kh2 g5 37. Be5 Qc8 38. Nxc6 Qxc6 39. Bxe4 dxe4 40. Qb3+ Kf8 41. Bd6+ Kg7 42. c4 e3 43. Be5+ Kh6 44. cxb5 Qf3 45. Qe6+ Kh5 46. Bg7 Qf2+ 47. Kh1 Qe1+ 48. Kh2 Ra2+ 0-1

[Event "SLO-chT1 East"]
[Site "Celje"]
[Date "2014.10.11"]
[Round "4"]
[White "Povse, Martin"]
[Black "Tomazini, Zan"]
[Result "0-1"]
[WhiteElo "2081"]
[BlackElo "2370"]
[PlyCount "72"]
[EventDate "2014.10.09"]
[EventType "team-tourn"]
[EventRounds "9"]
[EventCountry "SLO"]
[SourceTitle "EXT 2019"]
[Source "ChessBase"]
[SourceDate "2018.10.10"]
[SourceVersion "1"]
[SourceVersionDate "2018.10.10"]
[SourceQuality "1"]
[WhiteTeam "Milan Majcen Sevnica"]
[BlackTeam "Slovenska Bistrica Impol"]
[WhiteTeamCountry "SLO"]
[BlackTeamCountry "SLO"]

1. c4 g6 2. d4 Bg7 3. e4 d6 4. Nc3 Nf6 5. Bd3 0-0 6. Nge2 a6 7. f3 c6 8. Be3 b5 9. Qd2 Nbd7 10. a4 bxc4 11. Bxc4 d5 12. exd5 Nb6 13. Ba2 Nbxd5 14. Bg5 a5 15. 0-0 Rb8 16. Rf2 Rb4 17. Bxd5 Nxd5 18. Nxd5 cxd5 19. Be3 Qb6 20. Nc3 e6 21. f4 Bxd4 22. Bxd4 Rxd4 23. Qe3 Bd7 24. f5 Rb4 25. Qh6 Rxb2 26. Raf1 Rxf2 27. Rxf2 exf5 28. Nxd5 Qd6 29. Nf4 Re8 30. h4 Qd4 31. Nh3 Re4 32. h5 Rh4 33. Qg5 Bc6 34. Qc1 Bxg2 35. h6 Bb7 36. Qc7 Qg4+ 0-1